Rusko - významný obchodný partner Slovenska

Ruská federácia ako významný partner SR. Slovensko - ruská obchodná spolupráca je spojená predovšetkým s nákupom a tranzitom energetických zdrojov. Spolupráca v oblasti energetiky, kultúre a cestovnom ruchu, hospodárska a vedecko - technická spolupráca, .

Saved in:
Bibliographic Details
Main Author: Drieniková, Kristína, 1982-
Format: Book Chapter
Language:Slovak
Subjects:
Tags: Add Tag
No Tags, Be the first to tag this record!

MARC

LEADER 00000naa$a2200000$$$4500
001 0051424
005 20240502071612.3
041 0 |a slo 
044 |a SK 
245 1 0 |a Rusko - významný obchodný partner Slovenska  |c Kristína Drieniková 
520 |a Ruská federácia ako významný partner SR. Slovensko - ruská obchodná spolupráca je spojená predovšetkým s nákupom a tranzitom energetických zdrojov. Spolupráca v oblasti energetiky, kultúre a cestovnom ruchu, hospodárska a vedecko - technická spolupráca, . 
610 2 0 |a Rusko 
610 2 0 |a spolupráca kultúrna 
610 2 0 |a spolupráca vedecká 
610 2 0 |a spolupráca cezhraničná 
610 2 0 |a energetika 
610 2 0 |a dohody 
100 1 |a Drieniková, Kristína, 1982-